Figuras y formas 3 conjuntos y elementos

Saved in:
Bibliographic Details
Main Author: Schulte, Hans-Henrich (Author)
Format: Book
Language:Spanish
Published: Barcelona J. Domingo Ferrer S.A 1975
Edition:6a. ed
Subjects:
Tags: Add Tag
No Tags, Be the first to tag this record!

MARC

LEADER 00000nam a2200000 a 4500
001 UCI3689
003 CL-VaPUC
008 071123e19750000SP |||||||||||||||||spa|d
082 0 4 |a 372.7  |b SCH  |2 21 
100 0 |a Schulte, Hans-Henrich  |e author  |9 525193 
245 1 0 |a Figuras y formas 3 conjuntos y elementos 
250 |a 6a. ed 
300 |a 18 p 
942 |c BK 
945 |d 20071123 00:00:00  |a rbrito 
260 |a Barcelona  |b J. Domingo Ferrer S.A  |c 1975 
650 0 |a Matemáticas  |x Enseñanza  |9 875527 
650 0 |a Conjuntos  |9 342214 
650 0 |a Educación básica   |9 224933 
583 |a last modification  |c 20071123 00:00:00  |k Rodrigo Vera 
999 |c 327821  |d 327819 
952 |0 0  |1 0  |2 ddc  |4 0  |6 372_700000000000000_SCH_1975  |7 0  |8 A  |9 411289  |a BIBEDU  |b BIBEDU  |d 2019-11-22  |i 4392035  |o 372.7 SCH 1975  |p 4392035  |r 2019-11-22  |w 2019-11-22  |y BK  |k EPE